000 00866cab a2200277 4500
001 WB3210-30
008 090401t1996 xxu||||| |||| 00| 0 eng d
035 _a(Sirsi) u45197
041 _aeng
245 _aOver-valuation statute barred
260 _c1996
350 _a0
490 _aEstates Gazette Case Summaries
_v[1996] EGCS 35(1) (2/3/96)
520 _a"Finance for Mortgages Ltd and others v Farley & Co" QBD 15 February 1996. An action against an alleged over-valuation made in 1987 was statute barred.
650 _aFINANCE FOR MORTGAGES LTD AND OTHERS V FARLEY AND CO
650 _aLIMITATION ACT 1980 S14
650 _aNEGLIGENCE
650 _aOVER-VALUATION
650 _aSTATUTE BARRED
650 _aTIME LIMITS
650 _aVALUATION REPORT
650 _aVALUERS
690 _aLAW-CASE LAW
942 _n0
948 _c04/03/1997
999 _c28727
_d28727